| 000 | 00375nam a2200145Ia 4500 | ||
|---|---|---|---|
| 008 | 230917s9999||||xx |||||||||||||| ||und|| | ||
| 040 |
_e72721 _aMAIN |
||
| 041 | _aEnglish | ||
| 082 | _a658 C784E | ||
| 100 | _aCooper, Cary L | ||
| 245 | 4 | _aThe executive gypsy: the quality of managerial life | |
| 260 |
_aLondon _bMacmillan _c1979 |
||
| 300 | _aviii, 201 p. | ||
| 942 | _cBK | ||
| 999 |
_c209805 _d209805 |
||